Loading...
| Beliefs | 7 | 12.86 | 1,029% | 343% | 257% |
| Current Events | 1 | 20.00 | 0% | 600% | 600% |
| Fine Arts - Auditory | 5 | 16.00 | 1,440% | 240% | 480% |
| Fine Arts - Visual | 4 | 17.50 | 900% | 600% | 300% |
| Geography | 3 | 13.33 | 1,200% | 200% | 400% |
| History - American | 7 | 17.14 | 2,057% | 429% | 257% |
| History - European | 6 | 13.33 | 1,800% | 300% | 200% |
| History - World | 4 | 15.00 | 900% | 450% | 300% |
| Literature - American | 5 | 10.00 | 720% | 240% | 240% |
| Literature - British | 2 | 15.00 | 3,600% | 0% | 300% |
| Literature - European | 4 | 15.00 | 900% | 300% | 450% |
| Literature - World | 1 | 20.00 | 0% | 600% | 600% |
| Other Academic | 1 | 20.00 | 0% | 600% | 600% |
| Other Arts: Auditory | 3 | 16.67 | 3,600% | 200% | 200% |
| Other Arts: Visual | 2 | 10.00 | 1,800% | 300% | 0% |
| Other Science: Earth Science | 2 | 15.00 | 3,600% | 300% | 0% |
| Other Science: Math | 2 | 15.00 | 3,600% | 0% | 300% |
| Philosophy | 4 | 12.50 | 1,800% | 150% | 300% |
| Science - Biology | 5 | 12.00 | 2,160% | 240% | 120% |
| Science - Chemistry | 3 | 13.33 | 1,200% | 400% | 200% |
| Science - Physics | 1 | 20.00 | 3,600% | 0% | 600% |
| Social Science | 6 | 16.67 | 1,200% | 500% | 300% |
| 4 | 17.50 | 1,800% | 300% | 450% |